| 000 | 00594nam a2200205Ia 4500 | ||
|---|---|---|---|
| 005 | 20250508165233.0 | ||
| 008 | 008 250505s9999 xx 000 0 eng d | ||
| 020 | _a978-1-4129-9138-4 | ||
| 037 | _aTextBook | ||
| 040 |
_aFEDL _beng _cFEDL |
||
| 041 |
_aeng _2eng |
||
| 084 |
_a370.7, SAX/R _qFEDL |
||
| 100 |
_aSaxena Vandana Ed. _939304 |
||
| 245 | 0 | _aContemporary trends in education: A handbook for educators | |
| 260 |
_aDelhi, India _bPearson Education _c2012 |
||
| 300 | _avi, 206p. | ||
| 365 |
_aINR _b140 |
||
| 942 |
_cTB _h370.7, SAX/R |
||
| 999 |
_c1393986 _d1393986 |
||